000 01435nam a22002537a 4500
003 Uzh_bibl
008 260402b |||||||| |||| 00| 0 ukr d
020 _a978-6-17-718000-4
_c101.00
040 _bукр.
041 _2ukr
_aukr
080 _a91(031)
090 _a91(031)
_bГ 34
100 _a
245 _aГеографія
_cавт.-упоряд.І.Гончаренко
_hТекст
260 _aХарків
_bПромінь
_c2014
300 _a64 с.
_bіл.
_fВ опр.
520 _aЦя книга буде цікавою як для дошкільнят, так і для дітей старшого віку. Вона дасть не тільки правильне уявлення про форму Землі, розташування материків та океанів, а й відповість на велику кількість питань: що? де? чому? Мета цієї книжки — поширити кругозір дитини, розвинути у неї допитливість, бажання зрозуміти явища природи, цікавість до рослинного та тваринного світу.
521 _aДля шкільного віку
546 _aукр.
650 _aПопулярне видання
653 _aМатерики
_aОкеани
_aЗемля
655 _aДитяча література
942 _2udc
_cBK
999 _c17249
_d17249